000 00285nam a2200109Ia 4500
008 200302s9999 xx 000 0 und d
100 _aS. C. Rangwala & Others
245 _aElements of Estimating and Costing
260 _bCharotar Publishing HOuse
260 _c1995
300 _a392 P.,
999 _c1058
_d1058